Insect Groups/Orders 🪲 (Click Quiz) - Statistics

General Stats
  • This quiz has been taken 1,478 times
  • The average score is 10 of 14
Answer Stats
Hint Answer % Correct
Lepidoptera butterflies, moths
90%
Coleoptera beetles, ladybugs
87%
Diptera flies, gnats, mosquitos
83%
Mantodea mantises
82%
Hymenoptera wasps, bees, ants
80%
Odonata dragonflies, damselflies
79%
Blattodea cockroaches, termites
75%
Hemiptera true bugs (aphids, cicadas)
75%
Orthoptera grasshoppers, crickets, katydids
72%
Neuroptera antlions, lacewings, mantidflies
63%
Dermaptera earwigs
62%
Ephemeroptera mayflies
59%
Siphonaptera fleas
57%
Phthiraptera lice
43%
No matching quizzes found
Score Distribution
Percent of People with Each Score
Percentile by Number Answered
Your Score History
You have not taken this quiz